Statistics for Country Word Search #25

Click here to take the quiz!

General Stats

  • This quiz has been taken 696 times
    (470 since last reset)
  • The average score is 11 of 12

Answer Stats

Country % Correct
Hungary
99%
Cuba
96%
Grenada
96%
Cyprus
96%
Tuvalu
96%
Gabon
92%
Italy
92%
Croatia
90%
Gambia
81%
India
79%
Chad
75%
Togo
75%

Score Distribution

Percentile by Number Answered

Percent of People with Each Score

Your Score History

You have not taken this quiz since the last reset